| 000 | 00347nam a2200145 a 4500 | ||
|---|---|---|---|
| 001 | 2988 | ||
| 003 | CDMR | ||
| 005 | 20130725105647.0 | ||
| 008 | 130116s1970||||||||||||d|||||||||||||||d | ||
| 040 |
_aCDMR _bcat _cCPC LLEIDA |
||
| 100 | 1 |
_aGaziel _949 |
|
| 245 | 1 | 0 |
_aObra catalana completa _cGAZIEL |
| 260 |
_aBarcelona _bSelecta _c1970 |
||
| 942 |
_cMON _2udc |
||
| 999 |
_c6620 _d6620 |
||